[Event "Kuwait Rapid op 1st"]
[Site "Kuwait City"]
[Date "2025.01.10"]
[Round "9"]
[White "Krithik, Muthukumar"]
[Black "Vishwesh, Sivanantham"]
[Result "1-0"]
[WhiteElo "1805"]
[BlackElo "1757"]
[PlyCount "86"]
[EventDate "2025.01.09"]
[EventType "swiss (rapid)"]
[EventRounds "9"]
[EventCountry "KUW"]
[SourceTitle "CB03_2025"]
[SourceDate "2025.01.15"]
[SourceVersion "1"]
[SourceVersionDate "2025.01.15"]
[SourceQuality "1"]

1. e4 e5 2. Nf3 Nc6 3. Bc4 Bc5 4. c3 Nge7 5. d4 exd4 6. cxd4 Bb4+ 7. Nc3 d5 8. exd5 Nxd5 9. 0-0 Bxc3 10. bxc3 0-0 11. Qc2 h6 12. Ba3 Re8 13. Rae1 Be6 14. Bb5 a6 15. Bxc6 bxc6 16. Ne5 Qg5 17. Bc1 Nf4 18. Bxf4 Qxf4 19. Nxc6 Bc4 20. Ne7+ Kh8 21. Re4 Qf6 22. Rfe1 c6 23. Ng6+ fxg6 24. Rxe8+ Rxe8 25. Rxe8+ Kh7 26. Qe4 Bxa2 27. Qe5 Qf5 28. Qb8 g5 29. Rh8+ Kg6 30. Qe8+ Bf7 31. Qxc6+ Kh5 32. Qf3+ Qxf3 33. gxf3 Kg6 34. Ra8 Bc4 35. Rc8 Bd5 36. c4 Bxf3 37. d5 Kf6 38. Rc6+ Ke5 39. Rxa6 Be2 40. Re6+ Kd4 41. Rxe2 Kxc4 42. d6 Kc5 43. d7 Kd5 1-0

[Event "Kuwait Rapid op 1st"]
[Site "Kuwait City"]
[Date "2025.01.09"]
[Round "2"]
[White "Nithyanand, Arnav"]
[Black "Krithik, Muthukumar"]
[Result "0-1"]
[WhiteElo "1514"]
[BlackElo "1805"]
[PlyCount "110"]
[EventDate "2025.01.09"]
[EventType "swiss (rapid)"]
[EventRounds "9"]
[EventCountry "KUW"]
[SourceTitle "CB03_2025"]
[SourceDate "2025.01.15"]
[SourceVersion "1"]
[SourceVersionDate "2025.01.15"]
[SourceQuality "1"]

1. e4 c5 2. Nf3 d6 3. d4 cxd4 4. Nxd4 Nf6 5. Nc3 g6 6. Be3 Bg7 7. f3 0-0 8. Qd2 Nc6 9. 0-0-0 d5 10. Bh6 dxe4 11. Bxg7 Kxg7 12. fxe4 Bg4 13. Nxc6 bxc6 14. Qxd8 Raxd8 15. Rxd8 Rxd8 16. Bd3 e5 17. h3 Be6 18. Rf1 Nh5 19. Ne2 Bxa2 20. b3 Bxb3 21. Kb2 Be6 22. Ra1 c5 23. Ba6 Rd2 24. Kc3 Rd6 25. Bb5 Nf6 26. Ng3 Rd4 27. Bc6 h5 28. Rxa7 h4 29. Ne2 Nxe4+ 30. Bxe4 Rxe4 31. Nc1 c4 32. Kd2 Rd4+ 33. Ke3 Rd1 34. Ne2 Bf5 35. Rc7 Bxc2 36. Rxc4 Bd3 37. Nc3 Bxc4 38. Nxd1 f5 39. Nf2 Bf1 40. Kf3 e4+ 41. Kf4 Bxg2 42. Kg5 e3 43. Nd3 Bxh3 44. Kxh4 Bf1 45. Ne1 e2 46. Kg3 g5 47. Kf2 f4 48. Nf3 Kf6 49. Nh2 Kf5 50. Nf3 g4 51. Nd4+ Ke4 52. Ne6 g3+ 53. Kg1 e1Q 54. Ng5+ Kd5 55. Nh3 Bxh3# 0-1

[Event "IND-ch U09 37th"]
[Site "Pune"]
[Date "2025.01.01"]
[Round "10"]
[White "Nidhish, Shyamal"]
[Black "Krithik, Muthukumar"]
[Result "1-0"]
[WhiteElo "1848"]
[BlackElo "1763"]
[PlyCount "49"]
[EventDate "2024.12.27"]
[EventType "swiss"]
[EventRounds "11"]
[EventCountry "IND"]
[SourceTitle "CB02_2025"]
[SourceDate "2025.01.08"]
[SourceVersion "1"]
[SourceVersionDate "2025.01.08"]
[SourceQuality "1"]

1. d4 Nf6 2. c4 e6 3. Nf3 d5 4. Nc3 Be7 5. Bf4 0-0 6. e3 Nbd7 7. c5 c6 8. b4 Re8 9. Bd3 h6 10. 0-0 Nh5 11. a4 Bf6 12. Ne5 Nxf4 13. exf4 Qc7 14. b5 Bxe5 15. fxe5 b6 16. cxb6 axb6 17. bxc6 Qxc6 18. Nb5 Ra5 19. Rc1 Nc5 20. dxc5 bxc5 21. Nd6 Re7 22. Bb5 Qc7 23. Nxc8 Qxc8 24. Qd2 Rea7 25. Rc3 1-0

[Event "IND-ch U09 37th"]
[Site "Pune"]
[Date "2024.12.27"]
[Round "1"]
[White "Krithik, Muthukumar"]
[Black "Prabhav, Atwal"]
[Result "1-0"]
[WhiteElo "1763"]
[BlackElo "1424"]
[PlyCount "101"]
[EventDate "2024.12.27"]
[EventType "swiss"]
[EventRounds "11"]
[EventCountry "IND"]
[SourceTitle "CB02_2025"]
[SourceDate "2025.01.08"]
[SourceVersion "1"]
[SourceVersionDate "2025.01.08"]
[SourceQuality "1"]

1. e4 c6 2. d4 d5 3. Nd2 dxe4 4. Nxe4 Bf5 5. Ng3 Bg6 6. h4 h6 7. Nf3 Nd7 8. h5 Bh7 9. Bd3 Bxd3 10. Qxd3 Ngf6 11. c4 e6 12. Bd2 Bd6 13. Ne4 Nxe4 14. Qxe4 Nf6 15. Qe2 0-0 16. 0-0-0 Qc7 17. g4 Bf4 18. g5 hxg5 19. Nxg5 Bxd2+ 20. Qxd2 c5 21. h6 g6 22. Rh4 Nh7 23. Nxh7 Kxh7 24. Qg5 Qd8 25. f4 Qxg5 26. fxg5 Rac8 27. d5 Rfe8 28. Rf4 Re7 29. Rdf1 Rf8 30. dxe6 f5 31. Re4 Rfe8 32. Re5 Rxe6 33. Rxc5 Re1+ 34. Rxe1 Rxe1+ 35. Kd2 Re7 36. Rc8 Rf7 37. Ke3 Re7+ 38. Kf3 Re4 39. Rc7+ Kh8 40. Rxb7 Rxc4 41. Rg7 Rc2 42. Rxg6 Rxb2 43. Ra6 Rb7 44. Kf4 Rf7 45. g6 Re7 46. Kxf5 Re1 47. Rxa7 Rf1+ 48. Ke4 Re1+ 49. Kf3 Re6 50. Ra8+ Re8 51. Rxe8# 1-0